000 00780cam a2200253 4500
001 4075822
003 ARRUPE
005 20150309140735.0
008 700224s1970 nyu b 001 0 eng
010 _a 71097603
040 _aDLC
_cDLC
_dDLC
050 0 0 _aBF408
_b.B86
082 0 0 _a153.3/5
100 1 _aBurnshaw, Stanley,
_d1906-2005.
_915994
245 1 4 _aThe seamless web;
_blanguage-thinking, creature-knowledge, art-experience.
260 _aNew York,
_bG. Braziller
_c[1970]
300 _axiii, 320 p.
_c22 cm.
350 _a7.50
504 _aIncludes bibliographical references.
650 0 _aCreation (Literary, artistic, etc.)
_914960
650 0 _aCreative ability.
_914958
906 _a7
_bcbc
_corignew
_du
_encip
_f19
_gy-gencatlg
942 _2lcc
_cMONOGRAPH
999 _c122338
_d122338